Normal view
MARC view
- Christian. Devotionals. Church. Daily living.
Entry Topical Term
001 - CONTROL NUMBER
- control field: 86954
003 - CONTROL NUMBER IDENTIFIER
- control field: OSt
005 - DATE AND TIME OF LATEST TRANSACTION
- control field: 20251124144617.0
008 - FIXED-LENGTH DATA ELEMENTS
- fixed length control field: 251124|| aca||aabn | a|a d
040 ## - CATALOGING SOURCE
- Original cataloging agency: OSt
- Transcribing agency: OSt
150 ## - HEADING--TOPICAL TERM
- Topical term or geographic name as entry element: Christian. Devotionals. Church. Daily living.
- Form subdivision: Non Fiction
670 ## - SOURCE DATA FOUND
- Source citation: Work cat.: (OSt)49816: Warren, Rick. 86953, the purpose driven life:, 2012.